1008 1385 1404 1541 1305 1471 1919 1665 1212 1258 1058 1194 1753 1715 1744 1410 1061 1988 1826 1466 1582 1686 1077 1851 1198 1806 1532 1264 1395 1493 1478 1892 1699 1005 1407 1655 1408 1490 1692 1775 1450 1146 1579 1268 1390 1113 1665 1408 1884 1889 1885 1280 1885 1779 1111 1466 1132 1544 1023 1686 1573 1282 1803 1603 1102 1977 1035 1280 1027 1497 1611 1700 1576 1455 1056 1013 1940 1869 1986 1428 1962 1075 1662 1918 1413 1828 1378 1769 1773 1555 1365 1459 1865 1046 1798 1939 1880 1758 1369 BCNSPRNW ULIB Ver.6.0+V

เปลี่ยนเป็นภาษาไทย

Change to English
 แสดงรายละเอียดบรรณานุกรม
  กลับหน้าหลัก

Brief Record : Get Marc (ISO 2709) : E-mail record : QR code < ปิดหน้าต่าง
LEADER : 00000nam 2200000uu 4500
001    13399114338
003     ULIB
008    120322s2553||||th 000 0 tha d
020    ^a9786169059103
090    ^aนว.^bก531ร
100 0  ^aการะเกตุ
245 00 ^aร้อนไฟรัก/^cการะเกตุ
250    ^aพิมพ์ครั้งที่ 1
260    ^aกรุงเทพฯ :^bมายเลิฟ,^c2553
300    ^a288 หน้า
710 1  ^aมายเลิฟ
945    ^p240^l0^i16660
995    ^aกัณชพร
999    ^aใช้งานได้ทุกระบบ
รายการนี้ยังไม่มีแท็ก
คุณยังไม่ได้ล็อกอิน คุณสามารถมีกิจกรรมร่วมกับเว็บไซต์ได้ แต่ต้องล็อกอินก่อน ::
  ล็อกอิน

รายการสื่อสารสนเทศ

ลำดับที่ ประเภท เลขเรียก/บาร์โค้ด สถานที่ สถานะ
1. นวนิยาย
นวนิยาย
นว. ก531ร  
  Barcode: 16660
ห้องสมุดวิทยาเขตสวรรค์ประชารักษ์
►นวนิยาย
ถูกยืม กำหนดส่งวันที่ 16 ธันวาคม 2559
  จอง

BibComment


ยังไม่เคยถูกคอมเมนท์

คอมเมนท์ทรัพยากรรายการนี้
  คอมเมนท์: ร้อนไฟรัก การะเกตุ


 Copyright 2026. Bcnsprnw @Library